| 000 | 00497nam a2200193Ia 4500 | ||
|---|---|---|---|
| 005 | 20230324105536.0 | ||
| 008 | 131103s9999 xx 000 0 und d | ||
| 020 |
_a8176120642 _cRs.75.00 |
||
| 040 | _aLoreto College | ||
| 041 | _aEnglish | ||
| 082 |
_a891.443 _bBAN |
||
| 100 | _aBandopadhyay,Manabendra | ||
| 245 |
_aGoenda Omnibus _cManabendra Bandopadhyay |
||
| 260 |
_aKolkata _bDeys publishing _c1997 |
||
| 300 | _a270p. | ||
| 650 | _aBengali-Fiction | ||
| 850 | _aLCLIB | ||
| 942 | _cBK | ||
| 999 |
_c36499 _d86978 |
||